Orchids of peat swamp forest inPeninsular Malaysia

Bibliographic Details
Main Author: Go, Rusea
Other Authors: Khali Aziz Hamzah
Format: Book
Published: Kepong, Selangor : Peat Swamps Forest Project , 2008
Subjects:

MARC

LEADER 00000cam a2200000 7i4500
001 0000003979
005 20130227.0
020 0 0 |a 9789833985043 
090 0 0 |a 584.4095951   |b PS 2008 
100 1 0 |a Go, Rusea 
245 1 4 |a Orchids of peat swamp forest inPeninsular Malaysia   |c Rusea Go, Khali Aziz Hamzah 
260 0 0 |a Kepong, Selangor :   |b Peat Swamps Forest Project ,   |c 2008 
300 |a 136 p. :   |b ill.col ;   |c 26 cm. 
500 0 0 |a Includes index 
504 0 0 |a Bibliography: 133 p. 
650 0 0 |a Floriculture   |z Malaysia 
650 0 0 |a Orchids culture   |z Singapore 
650 0 0 |a Orchids   |z Malaysia---Identification 
700 0 1 |a Khali Aziz Hamzah 
998 |a JPSM 
999 |a 007783   |b Monograph   |c Open Shelf   |e Default branch